Music Quiz

Random Music or Clickable Quiz

Rock Artists That Hit #1 Quiz Stats

 Plays Quiz Updated May 9, 2013

Challenge
Share
Tweet
Embed
Score 0/25 Timer 10:00
6 Plays Today
% Correct
Aerosmith
90.4%
Eagles
83.4%
Fleetwood Mac
79.3%
Guns n' Roses
78.8%
John Lennon
77.8%
Queen
77.5%
David Bowie
77.2%
Eric Clapton
75.2%
Genesis
64.3%
Van Halen
63.7%
The Doors
63.7%
Def Leppard
59.3%
Pink Floyd
57.7%
% Correct
Meat Loaf
57.7%
The Mamas and the Papas
57.1%
Peter Gabriel
50.5%
George Harrison
50.3%
Santana
49.6%
Joan Jett
46.8%
Cheap Trick
44.8%
Neil Young
41.5%
Bachman-Turner Overdrive
41.1%
Styx
41%
Ringo Starr
33.8%
Yes
29%

You're not logged in!

Compare scores with friends on all Sporcle quizzes.
OR
Log In

You Might Also Like...

Show Comments

Extras

Top Quizzes Today


Score Distribution

Your Account Isn't Verified!

In order to create a playlist on Sporcle, you need to verify the email address you used during registration. Go to your Sporcle Settings to finish the process.

Report this User

Report this user for behavior that violates our Community Guidelines.

Details: